000 00529nam a2200181 i 4500
001 29741
003 ES-MaACL
005 20230906154100.0
007 t|
008 030122s1973 sp ||||1| spa d
100 1 _aBallinger, Bill S.
_925076
245 1 3 _aEl segundo más largo /
_cBill S. Ballinger ; traducción del inglés, Mario Montalbán.
250 _a1ª ed.
260 _aBarcelona :
_bPicazo,
_c[1973]
300 _a234 p. ;
_c18 cm.
700 1 _aMontalbán, Mario.
_982338
852 _aES-MaACL
_jC-54585
_bR.87493
999 _c29741
_d29741